000 00465pab a2200169 454500
008 180718b2006 xxu||||| |||| 00| 0 eng d
100 _aFarahmandpur, Ramin
245 _aA critical pedagogy of hope in times of despair: teaching against global capitalism and the new imperialism
260 _c2006
300 _ap.77-91.
362 _aSep
650 _aImperialism
650 _aCapitalism
650 _aTeaching
773 _aSocial Change
909 _a72642
999 _c72642
_d72642